书目信息 |
| 题名: |
人类神秘现象全破译
|
|
| 作者: | 刘幸 主编 ;刘鹏 , 雷金钟 撰写 | |
| 分册: | 上 | |
| 出版信息: | 北京 中国戏剧出版社 2002 |
|
| 页数: | 2册(687页) | |
| 开本: | 20cm | |
| 丛书名: | ||
| 单 册: | ||
| 中图分类: | Z228 , N49 | |
| 科图分类: | ||
| 主题词: | 科学知识--普及读物 , 自然科学 , 自然科学--普及读物 | |
| 电子资源: | ||
| ISBN: | 7-104-01704-6 | |
| 000 | 01155nam0 2200301 450 | |
| 001 | 1532536043 | |
| 005 | 20150118090340.53 | |
| 010 | @a7-104-01704-6@dCNY19.90 | |
| 100 | @a20021105d2002----em-y0chiy0110----ea | |
| 101 | 0 | @achi |
| 102 | @aCN@b110000 | |
| 105 | @aa---z---000yy | |
| 200 | 1 | @a人类神秘现象全破译@Aren lei shen mi xian xiang quan po yi@e全面破译有关人类的134个神秘悬案@h上@f刘幸主编@g刘鹏,田雨撰写 |
| 210 | @a北京@c中国戏剧出版社@d2002 | |
| 215 | @a2册(687页)@c图@d20cm@e光盘1片 | |
| 307 | @a附光盘:ISBN 7-900354-62-X 北京电子出版物出版中心出版 | |
| 330 | @a本书本着先提出问题、进而破译疑问的目的,以解谜团、说故事的形式,把人类的历史、宗教、政治、军事、文学、考古、科技等范畴的疑问,生动有趣地介绍给广大读者。 | |
| 517 | 1 | @a全面破译有关人类的134个神秘悬案@9quan mian po yi you guan ren lei de 134 ge shen mi xuan an |
| 606 | 0 | @a科学知识@j普及读物 |
| 606 | 0 | @a自然科学 |
| 606 | 0 | @a自然科学@x普及读物 |
| 690 | @aZ228@v5 | |
| 690 | @aN49@v4 | |
| 701 | 0 | @a刘幸@Aliu xing@4主编 |
| 702 | 0 | @a刘鹏@Aliu peng@4撰写 |
| 702 | 0 | @a雷金钟@Atian yu@f(1959~)@4撰写 |
| 801 | 0 | @aCN@bTSSF@c20150118 |
| 905 | @aZUCC@dN49@eJY155:1 | |
| 人类神秘现象全破译:全面破译有关人类的134个神秘悬案.上/刘幸主编/刘鹏,田雨撰写.-北京:中国戏剧出版社,2002 |
| 2册(687页):图;20cm+光盘1片 |
| ISBN 7-104-01704-6:CNY19.90 |
| 本书本着先提出问题、进而破译疑问的目的,以解谜团、说故事的形式,把人类的历史、宗教、政治、军事、文学、考古、科技等范畴的疑问,生动有趣地介绍给广大读者。 |
| ● |
| 相关链接 |
|
|
|
|
正题名:人类神秘现象全破译
索取号:N49/JY155:1
 
预约/预借
| 序号 | 登录号 | 条形码 | 馆藏地/架位号 | 状态 | 备注 |
| 1 | 7853242 | 278532429 | 学院路分馆/ [索取号:N49/JY155:1] | 在馆 | |
| 2 | 7853244 | 278532447 | 学院路分馆/ [索取号:N49/JY155:1] | 在馆 |